01125nam0a2200241 4500001002400000005001700024010000300041035002600044100004100070101000800111102000700119105001800126181001500144182000600159200028500165203007500450210004400525215001900569541021100588686002000799852003200819852003200851RU\NLR\BIBL_A\02214469720250625140720.0  a(NLR Aleph) 022144697 a20240220d1939 |||y0rusy50 ca0 adar aRU ay z 000 y 0ai baxxe  0an1 a"ВКП(б)-ла историяла къантIси курс" дураъниличил бархбасахъи партийная пропаганда тIашбатнила хIекьлизиб.eЦК ВКП(б)-ла постановление.fХ. Сулейманов пер. aТекстbвизуальныйcнепосредственный aМахач-КалаcДаггизd1939 a50,[1] с.d211 aО постановке партийной пропаганды в связи с выпуском "Краткого курса истории ВКП(б)"eПостановление ЦК ВКП(б)zrus1 aФ61(2)272.3-51 aNLRbОНЛjДарг./3-35 aNLRbОНЛjДарг./3-35